Logo BPK

Biblioteka

Politechniki Koszalińskiej

Urządzenia cieplne siłowni. (Rekord nr 21726)

Szczegóły MARC
000 -ETYKIETA REKORDU
podpole kontrolne o stałej długości 00349nam a2200133 i 4500
001 - NUMER KONTROLNY REKORDU
pole kontrolne bg
040 ## - ŹRÓDŁO KATALOGOWANIA
Instytucja, która utworzyła rekord BPK
041 ## - KOD JĘZYKA
Kod języka tekstu pol
008 - POLE O STAŁEJ DŁUGOŚCI - DANE KONTROLNE
podpole kontrolne o stałej długości s pl f |000 0 pol
100 1# - NAZWA OSOBOWA
Nazwa osobowa TARNOWSKA-TIERLING, Anna.
245 10 - TYTUŁ/ODPOWIEDZIALNOŚĆ
Tytuł Urządzenia cieplne siłowni.
Oznaczenie części/sekcji dzieła Cz. 1,
Tytuł części/sekcji dzieła Rurociągi /
Pozostałe elementy strefy tytułu i oznaczenia odpowiedzialności A. Tarnowska-Tierling.
260 ## - STREFA ADRESU WYDAWNICZEGO
Miejsce wydania Szczecin,
Data publikacji, dystrybucji/powstania dokumentu 1981.
856 ## - LOKALIZACJA I DOSTĘP DO ELEKTRONICZNYCH DOKUMENTÓW ZDALNYCH
Link (URL) http://koha.tu.koszalin.pl/cgi-bin/koha/opac-detail.pl?biblionumber=21726
Tekst linku Katalog online BPK
942 ## - DODATKOWE ELEMENTY (KOHA)
Typ dokumentu Książka
Egzemplarze
Wycofany Status egzemplarza Uszkodzony Dostępność Lokalizacja stała Lokalizacja bieżąca Miejsce przechowywania Sygnatura Kod kreskowy Typ dokumentu
      Dostępny Biblioteka Politechniki Koszalińskiej Biblioteka Politechniki Koszalińskiej Wypożyczalnia BG 30540 01566598 Książka
© 2023 Biblioteka Politechniki Koszalińskiej :: KOHA